| 000 | 00568nam a2200169 4500 | ||
|---|---|---|---|
| 008 | 170120b xxu||||| |||| 00| 0 eng d | ||
| 022 | _a0893-8989 | ||
| 082 | _aDPer 363.205 P75 May-Dec 2015 V. 39 | ||
| 100 |
_918414 _aMurgado, Amaury |
||
| 245 |
_aYou are not their friend/ _cAmaury Murgado. |
||
| 260 |
_aCalifornia: _bBobit Business Media, _cc2015. |
||
| 300 |
_av39 n7, page 6; _c28 cm. |
||
| 500 | _aPolice: the law enforcement magazine. | ||
| 650 | 0 |
_918415 _aSupervisors _xLeadership |
|
| 650 | 0 |
_918416 _aSupervisors _xLaw Enforcement |
|
| 942 |
_2ddc _cPER |
||
| 999 |
_c6074 _d6074 |
||